Almoharín (Record no. 194351)

MARC details
000 -LEADER
campo de control de longitud fija 01382nam a2200349 i 4500
001 - NÚMERO DE CONTROL
campo de control 194351
003 - IDENTIFICADOR DE NÚMERO DE CONTROL
campo de control ES-MaACL
005 - FECHA Y HORA DE LA ÚLTIMA TRANSACCIÓN
campo de control 20260216183914.0
007 - CAMPO FIJO DE DESCRIPCIÓN FÍSICA--INFORMACIÓN GENERAL
campo de control de longitud fija ta
008 - DATOS DE LONGITUD FIJA--INFORMACIÓN GENERAL
campo de control de longitud fija 240425s2023 sp o g 000 0 spa d
017 ## - NÚMERO DE COPYRIGHT O DE DEPÓSITO LEGAL
Número de copyright o de depósito legal CC 259-2023,
Agencia que asigna Oficina del Depósito Legal de Cáceres
020 ## - NÚMERO INTERNACIONAL ESTÁNDAR DEL LIBRO
Número Internacional Estándar del Libro 9788409565818
035 ## - NÚMERO DE CONTROL DEL SISTEMA
Número de control de sistema Rebiun34402907
040 ## - FUENTE DE CATALOGACIÓN
Centro catalogador/agencia de origen ES-MaUAMH
Lengua de catalogación spa
Centro/agencia transcriptor ES-MaUAMH
Normas de descripción rda
Centro/agencia modificador ES-MaACL
100 1# - ENTRADA PRINCIPAL--NOMBRE DE PERSONA
Nombre de persona Ramos Rubio, José Antonio,
Fechas asociadas al nombre 1963-
Término indicativo de función/relación Autor
9 (RLIN) 174430
245 10 - MENCIÓN DEL TÍTULO
Título Almoharín
Resto del título memoria viva /
Mención de responsabilidad, etc. José Antonio Ramos Rubio
264 #1 - PRODUCCIÓN, PUBLICACIÓN, DISTRIBUCIÓN, FABRICACIÓN Y COPYRIGHT
Producción, publicación, distribución, fabricación y copyright [Almoharín] :
Nombre del de productor, editor, distribuidor, fabricante Ayuntamiento de Almoharín,
Fecha de producción, publicación, distribución, fabricación o copyright [2023]
300 ## - DESCRIPCIÓN FÍSICA
Extensión 197 páginas :
Otras características físicas fotografías (blanco y negro) ;
Dimensiones 23 cm
336 ## - TIPO DE CONTENIDO
Término de tipo de contenido Texto
Fuente rdacontent
337 ## - TIPO DE MEDIO
Nombre/término del tipo de medio sin mediación
Fuente rdamedia
338 ## - TIPO DE SOPORTE
Nombre/término del tipo de soporte volumen
Fuente rdacarrier
504 ## - NOTA DE BIBLIOGRAFÍA, ETC.
Nota de bibliografía, etc. Bibliografía: página 188
651 #7 - PUNTO DE ACCESO ADICIONAL DE MATERIA--NOMBRE GEOGRÁFICO
Nombre geográfico Almoharín-
Subdivisión general Usos y costumbres.
9 (RLIN) 236033
651 #7 - PUNTO DE ACCESO ADICIONAL DE MATERIA--NOMBRE GEOGRÁFICO
Nombre geográfico Almoharín-
Subdivisión general Historia.
9 (RLIN) 236034
852 ## - LOCALIZACIÓN
Ubicación ES-MaACL
Sublocalización o colección R.154945
Ubicación en estantería Depósito J
Número de control de estantería N-9760
Donativo/Legado Donación: José Antonio Ramos Rubio
itemnumber 201954
Encuadernación Encuadernación rústica con solapas
903 ## - NOMBRE PERSONAL DE DONANTE
a Ramos Rubio, José Antonio,
d 1963-
e Donante
9 174430
942 ## - ELEMENTOS DE ENTRADA SECUNDARIOS (KOHA)
Suprimir en OPAC No
Tipo de ítem Koha Libro impreso
Holdings
Estatus retirado Estado de pérdida Fuente del sistema de clasificación o colocación Estado de daño No para préstamo Biblioteca de origen Biblioteca actual Ubicación en estantería Fecha de adquisición Fuente de adquisición Total de préstamos Signatura topográfica completa Código de barras Visto por última vez Precio de reemplazo Tipo de ítem Koha
    Clasificación decimal universal     Biblioteca del Ateneo de Madrid Biblioteca del Ateneo de Madrid Depósito J 25/04/2024 Donación   N-9760 101227194 25/04/2024 25/04/2024 Libro impreso